<?xml version="1.0" encoding="UTF-8"?>
<record
    xmlns:xsi="http://www.w3.org/2001/XMLSchema-instance"
    xsi:schemaLocation="http://www.loc.gov/MARC21/slim http://www.loc.gov/standards/marcxml/schema/MARC21slim.xsd"
    xmlns="http://www.loc.gov/MARC21/slim">

  <leader>01102na  a2200301   4500</leader>
  <controlfield tag="001">15969</controlfield>
  <controlfield tag="003">MIRAKIL</controlfield>
  <controlfield tag="005">20181213155032.0</controlfield>
  <controlfield tag="008">161001b        tu            000 0      </controlfield>
  <datafield tag="020" ind1=" " ind2=" ">
    <subfield code="a">9786056214400</subfield>
  </datafield>
  <datafield tag="035" ind1=" " ind2=" ">
    <subfield code="a">15969</subfield>
  </datafield>
  <datafield tag="040" ind1=" " ind2=" ">
    <subfield code="a">Milas</subfield>
    <subfield code="b">tur</subfield>
    <subfield code="c">TR-AnCHP</subfield>
  </datafield>
  <datafield tag="041" ind1=" " ind2=" ">
    <subfield code="a">tur</subfield>
  </datafield>
  <datafield tag="082" ind1=" " ind2=" ">
    <subfield code="a">809.89</subfield>
    <subfield code="b">U48n 2011</subfield>
  </datafield>
  <datafield tag="090" ind1=" " ind2=" ">
    <subfield code="a">809.89 U48n 2011</subfield>
  </datafield>
  <datafield tag="111" ind1=" " ind2=" ">
    <subfield code="a">Uluslararas&#x131; Eski&#x15F;ehir &#x15E;iir Bulu&#x15F;mas&#x131;</subfield>
    <subfield code="c">Eski&#x15F;ehir</subfield>
    <subfield code="d">2011</subfield>
    <subfield code="n">1</subfield>
  </datafield>
  <datafield tag="245" ind1=" " ind2=" ">
    <subfield code="a">1. Uluslararas&#x131; Eski&#x15F;ehir &#x15E;iir Bulu&#x15F;mas&#x131; : 21-24 Nisan 2011, Eski&#x15F;ehir =</subfield>
    <subfield code="b">= 1. International Eski&#x15F;ehir Poetry Festival: 21-24 April 2011</subfield>
    <subfield code="c">Yay&#x131;na haz&#x131;rlayan: U&#x11F;urcan Usg&#xFC;l</subfield>
  </datafield>
  <datafield tag="246" ind1=" " ind2=" ">
    <subfield code="a">Eski&#x15F;ehir &#x15E;iir Bulu&#x15F;mas&#x131;</subfield>
  </datafield>
  <datafield tag="246" ind1=" " ind2=" ">
    <subfield code="a">1. International Eski&#x15F;ehir Poetry Festival: 21-24 April 2011</subfield>
  </datafield>
  <datafield tag="250" ind1=" " ind2=" ">
    <subfield code="a">1.bas&#x131;m</subfield>
  </datafield>
  <datafield tag="260" ind1=" " ind2=" ">
    <subfield code="a">Eski&#x15F;ehir</subfield>
    <subfield code="b">Eski&#x15F;ehir Tepeba&#x15F;&#x131; Belediyesi</subfield>
    <subfield code="c">2011</subfield>
  </datafield>
  <datafield tag="300" ind1=" " ind2=" ">
    <subfield code="a">145 s.</subfield>
    <subfield code="b">res.</subfield>
    <subfield code="c">18 x 20 sm.</subfield>
  </datafield>
  <datafield tag="650" ind1=" " ind2=" ">
    <subfield code="a">T&#xFC;rk &#x15F;airler</subfield>
    <subfield code="x">Ya&#x15F;am&#xF6;yk&#xFC;s&#xFC; </subfield>
  </datafield>
  <datafield tag="650" ind1=" " ind2=" ">
    <subfield code="a">T&#xFC;rk edebiyat&#x131;</subfield>
    <subfield code="x">&#x15E;iir</subfield>
    <subfield code="y">Toplant&#x131;lar</subfield>
  </datafield>
  <datafield tag="650" ind1=" " ind2=" ">
    <subfield code="a">T&#xFC;rk&#xE7;e &#x15F;iir</subfield>
    <subfield code="x">Festival</subfield>
    <subfield code="y">Se&#xE7;kiler</subfield>
  </datafield>
  <datafield tag="657" ind1=" " ind2=" ">
    <subfield code="a">&#x15E;iirlerden se&#xE7;kiler</subfield>
  </datafield>
  <datafield tag="942" ind1=" " ind2=" ">
    <subfield code="2">ddc</subfield>
    <subfield code="c">BKS</subfield>
  </datafield>
  <datafield tag="952" ind1=" " ind2=" ">
    <subfield code="a">0001</subfield>
    <subfield code="b">0001</subfield>
    <subfield code="d">2016-09-28</subfield>
    <subfield code="e">2</subfield>
    <subfield code="l">0</subfield>
    <subfield code="o">809.89 U48n 2011</subfield>
    <subfield code="p">004264</subfield>
    <subfield code="r">2016-09-28 00:00:00</subfield>
    <subfield code="v">0.00</subfield>
    <subfield code="w">2016-09-28</subfield>
    <subfield code="y">BKS</subfield>
  </datafield>
  <datafield tag="999" ind1=" " ind2=" ">
    <subfield code="c">5285</subfield>
    <subfield code="d">5285</subfield>
  </datafield>
</record>
